00689 2200241 4500001002100000005001500021035002000036007000300056008004100059020002200100082000800122084001400130100002000144245010000164250001000264260003700274300003100311650003000342700002200372504003100394990001100425990001100436INLIS00000000000266520190103101855 a0010-0119000017ta190103 g 0 ind  a978-602-1130-15-5 a590 a590 NUR p0 aNURUL, Khafidoh1 aPetualangan Seru Mengenal 30 Binatang Bercahaya /cNurul Khafidoh; penyunting, M. Lukman Hakiem acet.1 aSurakarta :bVisi Mandiri,c2014 a132 hlm. :bilus. ;c24 cm aBINATANG BERCAHAYA. HEWAN0 aLUKMAN, Hakiem M. aBibliografi : hlm. 130-132 a6114 a a6114 b